One Word 'I' and 'J' Movies Quiz Stats

 Plays Quiz Updated May 31, 2018

Score 0/25 Timer 08:00
1 Play Today
% Correct
Jaws
92.6%
It
91.2%
Inception
89.4%
Juno
87.6%
Jumanji
82.9%
Interstellar
69.4%
Jarhead
67.7%
Invictus
66.7%
Jobs
58.9%
JFK
57.6%
Junior
48.3%
Igor
44.5%
Jumper
40.6%
% Correct
Jack
37.8%
Invincible
33.9%
Idiocracy
32.8%
Insomnia
31.1%
Insidious
27.2%
Joy
24.8%
Jawbreaker
23.5%
Identity
21.3%
Iris
20.9%
Junebug
14.5%
Inkheart
12.8%
Immortals
12.7%

You're not logged in!

Compare scores with friends on all Sporcle quizzes.
OR
Log In

Sporcle TV

Today on Sporcle TV


Watch our educational content, quiz creation guides, and fun videos on Sporcle TV.

Show Comments

Extras

Top Quizzes Today


Score Distribution

Your Account Isn't Verified!

In order to create a playlist on Sporcle, you need to verify the email address you used during registration. Go to your Sporcle Settings to finish the process.

Report this User

Report this user for behavior that violates our Community Guidelines.

Details: